000 00545nam a22002057a 4500
005 20251108175039.0
008 250721s2010 xx 000 0 eng d
082 1 4 _aJ/F/FAB
100 1 _aFabian, Rose
245 1 0 _aKim Helps /
264 1 _aamman :
_bal-rowad for publishing and distribution,
_c2010.
300 _a8 P.
650 1 7 _aLEARNING
650 1 7 _aFICTION
650 1 7 _aCHILDREN
653 _aأطفال مرحلة متوسطة ( 6 - 9 سنوات )
700 1 _amckinley, mark
_eEd.
942 _2ddc
_cBK
999 _c124851
_d124851